Estrategia ecorregional para la conservación del oso andino en los Andes del norte : (Registro nro. 3794)

Detalles MARC
000 -CABECERA
Campo de control 01569nam a2200409 a 4500
005 - FECHA Y HORA DE LA ULTIMA TRANSACCION
Campo de control 20200104041543.0
008 - ELEMENTOS DE LONGITUD FIJA—INFORMACION GENERAL
Campo de control 140312t2003 ck a gr|||| 00| 0 spa d
020 ## - ISBN
ISBN 9589740200
040 ## - FUENTE DE CATALOGACIÓN
Agencia catalogadora original CO-BoIAVH
Agencia transcriptora CO-BoIAVH
041 0# - IDIOMA
Código de idioma para texto/pista de sonido o título separado Español
044 ## - PAÍS DE PUBLICACIÓN
País de publicación Colombia
082 04 - NUMERO DE CLASIFICACION DECIMAL DEWEY
Número de clasificación 599.784
Número del ítem W97e
110 2# - ASIENTO PRINCIPAL--NOMBRE CORPORATIVO
Nombre corporativo o de jurisdicción como elemento de entrada Wildlife Conservation Society
9 (RLIN) 1666
245 10 - MENCION DE TITULO
Título Estrategia ecorregional para la conservación del oso andino en los Andes del norte :
Parte restante del título Tremarctos ornatus
260 ## - PUBLICACION, DISTRIBUCION, ETC. (PIE DE IMPRENTA)
Lugar de publicación, distribución, etc. Cali:
Nombre del editor, distribuidor, etc. WWF Colombia :
-- Fundación Wii :
-- EcoCiencia :
-- Wildlife Conservation Society,
Fecha de publicación, distribución, etc. 2003.
300 ## - DESCRIPCION FISICA
Extensión 72 páginas :
Dimensiones 28 x 22 cm.
Otros detalles físicos Ilustraciones ;
505 ## - NOTA DE CONTENIDO
Nota de contenido Situación actual y estado del conocimiento sobre el oso andino en los países del CEAN (Venezuela, Colombia, Ecuador, Perú).<br/>Estrategia de conservación del oso andino en los andes del norte.<br/>
650 #6 - ASIENTO SECUNDARIO DE MATERIA - TERMINO TEMATICO
Término temático o nombre geográfico como elemento de entrada Conservación de fauna
9 (RLIN) 4359
650 #4 - ASIENTO SECUNDARIO DE MATERIA - TERMINO TEMATICO
Término temático o nombre geográfico como elemento de entrada Fauna silvestre
9 (RLIN) 92225
650 #4 - ASIENTO SECUNDARIO DE MATERIA - TERMINO TEMATICO
Término temático o nombre geográfico como elemento de entrada Mamíferos
9 (RLIN) 55939
650 #4 - ASIENTO SECUNDARIO DE MATERIA - TERMINO TEMATICO
Término temático o nombre geográfico como elemento de entrada Osos
9 (RLIN) 55940
650 #6 - ASIENTO SECUNDARIO DE MATERIA - TERMINO TEMATICO
Término temático o nombre geográfico como elemento de entrada Tremarctos ornatus
9 (RLIN) 32848
650 #6 - ASIENTO SECUNDARIO DE MATERIA - TERMINO TEMATICO
Término temático o nombre geográfico como elemento de entrada Oso de anteojos
9 (RLIN) 32849
650 #4 - ASIENTO SECUNDARIO DE MATERIA - TERMINO TEMATICO
Término temático o nombre geográfico como elemento de entrada Especies focales
9 (RLIN) 55941
662 ## - ASIENTO SECUNDARIO DE MATERIA - JERARQUIA DEL NOMBRE DE LUGAR(
País o entidad mayor Colombia
662 ## - ASIENTO SECUNDARIO DE MATERIA - JERARQUIA DEL NOMBRE DE LUGAR(
País o entidad mayor Ecuador
662 ## - ASIENTO SECUNDARIO DE MATERIA - JERARQUIA DEL NOMBRE DE LUGAR(
País o entidad mayor Perú
662 ## - ASIENTO SECUNDARIO DE MATERIA - JERARQUIA DEL NOMBRE DE LUGAR(
País o entidad mayor Venezuela
700 1# - ASIENTO SECUNDARIO - NOMBRE PERSONAL
Nombre personal Rodríguez, Daniel
9 (RLIN) 20683
700 1# - ASIENTO SECUNDARIO - NOMBRE PERSONAL
Nombre personal Goldstein, Isaac
9 (RLIN) 20684
700 1# - ASIENTO SECUNDARIO - NOMBRE PERSONAL
Nombre personal Bracho, Andrés Eloy
9 (RLIN) 20685
700 1# - ASIENTO SECUNDARIO - NOMBRE PERSONAL
Nombre personal Naranjo, Luis Germán
9 (RLIN) 4368
700 1# - ASIENTO SECUNDARIO - NOMBRE PERSONAL
Nombre personal Hernández, Olga Lucía
9 (RLIN) 4707
710 2# - ASIENTO SECUNDARIO - NOMBRE CORPORATIVO
Nombre corporativo o de jurisdicción como elemento de entrada Instituto de Investigación de Recursos Biológicos Alexander von Humboldt
9 (RLIN) 204
700 1# - ASIENTO SECUNDARIO - NOMBRE PERSONAL
9 (RLIN) 5799
Nombre personal Cuesta, Francisco
942 ## - ELEMENTOS ADICIONALES (KOHA)
Tipo de ítem Libro
Sistema de clasificación Dewey Decimal Classification
Koha issues (borrowed), all copies 1
Existencias
Withdrawn status Lost status Sistema de Clasificación Damaged status No para préstamo Colección Inventariado Ubicación Permanente Ubicación actual Fecha de adquisición Fuente de Valor Valor Total Checkouts Número topográfico Inventario / Código de Barras Date last seen Date checked out Ejemplar Price effective from Forma de adquisición Tipo de material
    Dewey Decimal Classification     General Inventariado 2017 Bogotá Bogotá 23/04/2004 Instituto 15000.00 1 LB-599.784 W97e 015870 28/04/2016 28/04/2016 Ej. 1 04/12/2012   Libro
    Dewey Decimal Classification     General Inventariado 2017 Sala Fabio Quevedo Sala Fabio Quevedo 23/04/2004 Instituto 15000.00   LB-599.784 W97e 015869 04/12/2012   Ej. 2 04/12/2012 Compra Libro
    Local     General   Villa de Leyva Villa de Leyva 23/04/2004       LB-03507 015871 04/12/2012   Ej. 1 04/12/2012   Libro